Statistics for Paris SG scorers in Ligue 1 2016-2017

Click here to take the quiz!

General Stats

  • This quiz has been taken 39 times
  • The average score is 10 of 14

Answer Stats

Player Goals % Correct
Edinson Cavani35
100%
Thiago Silva3
94%
Angel Di Maria6
91%
Marquinhos3
88%
Blaise Matuidi4
76%
Adrien Rabiot3
76%
Lucas12
74%
Julian Draxler4
74%
Marco Verratti3
74%
Layvin Kurzawa2
68%
Thomas Meunier1
68%
Christopher Nkunku1
47%
Jean-Kévin Augustin1
47%
Jésé1
26%

Score Distribution

Percentile by Number Answered

Percent of People with Each Score

Your Score History

You have not taken this quiz